Normal view
MARC view
- Neal, Arthur Leslie
Entry Personal Name
001 - CONTROL NUMBER
- control field: 99891
003 - CONTROL NUMBER IDENTIFIER
- control field: NUST
005 - DATE AND TIME OF LATEST TRANSACTION
- control field: 20221011131441.0
008 - FIXED-LENGTH DATA ELEMENTS
- fixed length control field: 221011|| aca||aabn | a|a d
040 ## - CATALOGING SOURCE
- Original cataloging agency: NUST
- Transcribing agency: NUST
100 ## - HEADING--PERSONAL NAME
- Personal name: Neal, Arthur Leslie
670 ## - SOURCE DATA FOUND
- Source citation: Work cat.: (NUST)183376: Neal, Arthur Leslie,, Chemistry and biochemistry:
